Fundamentos de filosofía.

Gespeichert in:
Bibliographische Detailangaben
1. Verfasser: Millán-Puelles, Antonio (autor)
Format: Buch
Sprache:Spanisch
Veröffentlicht: Madrid, España: Ediciones Rialp, 1972.
Ausgabe:Novena edición.
Schriftenreihe:Manuales de la biblioteca del pensamiento actual, 3.
Schlagworte:
Tags: Tag hinzufügen
Keine Tags, Fügen Sie den ersten Tag hinzu!

MARC

LEADER 00000cam a2200000 a 4500
001 UCY5745
003 CL-VaPUC
005 20240827120150.0
008 950512e19721200SP |||||||||||||||||spa|d
999 |c 233366  |d 233364 
020 |a 84-321-0176-1 
040 |c Pontificia Universidad Católica de Valparaíso 
082 0 4 |a 101 MIL 1972  |2 21 
100 |a Millán-Puelles, Antonio  |e autor  |9 438785 
245 1 0 |a Fundamentos de filosofía.  
250 |a Novena edición.  
260 |a Madrid, España:   |b Ediciones Rialp,   |c 1972.  
300 |a 670 páginas.  
490 0 |a Manuales de la biblioteca del pensamiento actual, 3. 
500 |a c.6 Donación Familia Prof. Alejandro Guzmán Brito.  
583 |a last modification  |c 20180703 02:11:42  |k Rodrigo Vera 
650 0 |a Filosofía   |9 223554  |x Lógica 
650 0 |a Filosofía cristiana   |9 265980  |x Fe  |x Existencia (Dios)  |x Teología 
650 0 |a Existencia (Filosofía)  |9 890864  |x Ente lógico  |x Ente móvil  |x Ente vivo  
942 |c BK  |2 ddc  |n 0 
945 |d 19950512 00:00:00  |a cmena 
952 |0 0  |1 0  |4 0  |6 101_000000000000000_MIL_1972  |7 0  |8 P  |9 238847  |a BIBEDU  |b BIBEDU  |c BIBEDU_PB  |d 2019-11-18  |i 1502395  |l 2  |m 5  |o 101 MIL 1972  |p 1502395  |r 2024-01-25  |s 2023-11-13  |w 2019-11-18  |y BK  |k EDU 
952 |0 0  |1 0  |4 0  |6 101_000000000000000_MIL_1972  |7 0  |8 P  |9 238848  |a BIBEDU  |b BIBEDU  |c BIBEDU_PB  |d 2019-11-18  |i 1561871  |o 101 MIL 1972  |p 1561871  |r 2024-01-25  |w 2019-11-18  |y BK  |k FIL 
952 |0 0  |1 0  |4 0  |6 101_000000000000000_MIL_1972  |7 0  |8 A  |9 238849  |a BIBTEO  |b BIBTEO  |d 2019-11-18  |i 2022435  |o 101 MIL 1972  |p 2022435  |r 2025-01-17  |w 2019-11-18  |y BK  |k ICR 
952 |0 0  |1 0  |4 0  |6 101_000000000000000_MIL_1972  |7 0  |8 A  |9 238850  |a BIBTEO  |b BIBTEO  |d 2019-11-18  |i 2022419  |o 101 MIL 1972  |p 2022419  |r 2025-01-17  |w 2019-11-18  |y BK  |k ICR 
952 |0 0  |1 0  |2 ddc  |4 0  |6 101_000000000000000_MIL_1972  |7 1  |8 C_AGB  |9 580082  |a BIBDER  |b BIBDER  |d 2022-01-04  |e Donación   |i 563461K   |o 101 MIL 1972  |p 563461K  |r 2023-01-25  |t 6  |w 2022-01-04  |y BK_US  |k AGB